[Event "Berlin-ch"]
[Site "Berlin"]
[Date "2024.04.05"]
[Round "7"]
[White "Polzin, Rainer"]
[Black "Schmidek, Emil"]
[Result "1-0"]
[WhiteElo "2401"]
[BlackElo "2439"]
[PlyCount "69"]
[EventDate "2024.03.30"]
[EventType "swiss"]
[EventRounds "9"]
[EventCountry "GER"]
[SourceTitle "CB15_2024"]
[SourceDate "2024.04.10"]
[SourceVersion "1"]
[SourceVersionDate "2024.04.10"]
[SourceQuality "1"]

1. e4 c6 2. d4 d5 3. e5 Bf5 4. Nd2 e6 5. Nb3 Nd7 6. Nf3 Ne7 7. Be2 h6 8. 0-0 g5 9. Bd2 a5 10. a4 Bg7 11. Rc1 0-0 12. Qe1 b6 13. c4 c5 14. dxc5 Nxe5 15. Nxe5 Bxe5 16. Bc3 Bf4 17. cxb6 Qxb6 18. Nd4 Bg6 19. Rd1 Be5 20. Bf3 Bg7 21. cxd5 Nxd5 22. Bxd5 exd5 23. Qd2 Rfc8 24. Nb5 Bxc3 25. Nxc3 Qb3 26. Nxd5 Rc2 27. Ne7+ Kh7 28. Qd6 Qe6 29. Qxe6 fxe6 30. Nxg6 Kxg6 31. Rd6 Kf5 32. Re1 Rb8 33. Rdxe6 Rc5 34. Rxh6 Rxb2 35. h3 1-0

[Event "Berlin-ch"]
[Site "Berlin"]
[Date "2023.04.16"]
[Round "9"]
[White "Bruedigam, Martin"]
[Black "Schmidek, Emil"]
[Result "0-1"]
[WhiteElo "2378"]
[BlackElo "2433"]
[PlyCount "110"]
[EventDate "2023.04.08"]
[EventType "swiss"]
[EventRounds "9"]
[EventCountry "GER"]
[SourceTitle "CBM 213 Extra"]
[Source "ChessBase"]
[SourceDate "2023.05.31"]
[SourceVersion "1"]
[SourceVersionDate "2023.05.31"]
[SourceQuality "1"]

1. d4 d5 2. c4 e6 3. Nc3 a6 4. cxd5 exd5 5. Nf3 Nf6 6. Bg5 Be6 7. Bxf6 Qxf6 8. Qb3 Ra7 9. g3 Qd8 10. h4 h6 11. Bh3 Bd6 12. Kf1 0-0 13. Kg2 b5 14. Rae1 c6 15. e4 dxe4 16. Bxe6 exf3+ 17. Kg1 fxe6 18. Rxe6 Kh8 19. Ne4 Rd7 20. Ng5 Rf6 21. Qd3 g6 22. Qe3 Rxe6 23. Nxe6 Qf6 24. Qxh6+ Rh7 25. Qe3 Re7 26. Qh6+ Rh7 27. Qe3 Re7 28. Qh6+ Kg8 29. Ng5 Re1+ 30. Kh2 Rxh1+ 31. Kxh1 Qg7 32. Qxg7+ Kxg7 33. Nxf3 Kf6 34. Ng5 Kf5 35. Kg2 Be7 36. Nh3 Bf6 37. Kf3 Bxd4 38. b3 Nd7 39. g4+ Kf6 40. Ke4 Bb6 41. f4 Nc5+ 42. Kf3 Nd3 43. Ng5 Nc1 44. Ne4+ Kg7 45. f5 gxf5 46. gxf5 Bd8 47. h5 Nd3 48. Ke3 Ne5 49. a4 Nd7 50. axb5 axb5 51. Kd3 Kh6 52. Ng3 Bc7 53. Ne2 Be5 54. Ke4 Bf6 55. b4 Kxh5 0-1

[Event "Berlin-ch"]
[Site "Berlin"]
[Date "2023.04.13"]
[Round "6"]
[White "Strache, Michael"]
[Black "Schmidek, Emil"]
[Result "1/2-1/2"]
[WhiteElo "2287"]
[BlackElo "2433"]
[PlyCount "51"]
[EventDate "2023.04.08"]
[EventType "swiss"]
[EventRounds "9"]
[EventCountry "GER"]
[SourceTitle "CBM 213 Extra"]
[Source "ChessBase"]
[SourceDate "2023.05.31"]
[SourceVersion "1"]
[SourceVersionDate "2023.05.31"]
[SourceQuality "1"]

1. e4 e5 2. Nf3 Nc6 3. Nc3 Nf6 4. g3 d5 5. exd5 Nxd5 6. Bg2 Nxc3 7. bxc3 Bc5 8. 0-0 0-0 9. d3 Bf5 10. Be3 Bb6 11. Nd2 Qd7 12. Nc4 Bh3 13. a4 Bxg2 14. Kxg2 Qe6 15. a5 Bxe3 16. Nxe3 f5 17. f3 Rae8 18. Qe2 Qd6 19. Qf2 e4 20. f4 exd3 21. Rfd1 Qc5 22. Rxd3 Rd8 23. c4 Nxa5 24. Nd5 Qxf2+ 25. Kxf2 b6 26. c5 1/2-1/2

[Event "Bundesliga 2223"]
[Site "Germany"]
[Date "2023.02.26"]
[Round "9.7"]
[White "Schmidek, Emil"]
[Black "Jaracz, Pawel"]
[Result "1/2-1/2"]
[WhiteElo "2414"]
[BlackElo "2463"]
[PlyCount "65"]
[EventDate "2022.10.21"]
[EventType "team-tourn"]
[EventRounds "15"]
[EventCountry "GER"]
[SourceTitle "CBM 213 Extra"]
[Source "ChessBase"]
[SourceDate "2023.05.31"]
[SourceVersion "1"]
[SourceVersionDate "2023.05.31"]
[SourceQuality "1"]
[WhiteTeam "Berlin SF"]
[BlackTeam "Remagen Sinzig"]
[WhiteTeamCountry "GER"]
[BlackTeamCountry "GER"]

1. d4 Nf6 2. c4 e6 3. Nc3 Bb4 4. Bd2 0-0 5. Nf3 d5 6. e3 Nbd7 7. Rc1 Be7 8. Bd3 dxc4 9. Bxc4 a6 10. a4 c5 11. 0-0 cxd4 12. exd4 Nb6 13. Ba2 Nbd5 14. Bg5 Nxc3 15. bxc3 b5 16. Re1 Bb7 17. Bb1 bxa4 18. Ne5 a3 19. c4 g6 20. Qd3 Nd7 21. Bxe7 Qxe7 22. Nf3 Qb4 23. Re3 Bxf3 24. Rxf3 e5 25. Qxa3 Rab8 26. Qxb4 Rxb4 27. dxe5 Rfb8 28. Be4 Nxe5 29. Rfc3 Kg7 30. Bd5 Rc8 31. g3 Nd7 32. Ra3 Nb6 33. Rca1 1/2-1/2

[Event "Berlin BSV IM"]
[Site "Berlin"]
[Date "2022.04.13"]
[Round "8"]
[White "Glek, Igor Vladimirovich"]
[Black "Schmidek, Emil"]
[Result "1/2-1/2"]
[WhiteElo "2479"]
[BlackElo "2383"]
[PlyCount "75"]
[EventDate "2022.04.08"]
[EventType "tourn"]
[EventRounds "9"]
[EventCountry "GER"]
[EventCategory "2"]
[SourceTitle "CBM 207 Extra"]
[Source "ChessBase"]
[SourceDate "2022.05.31"]
[SourceVersion "1"]
[SourceVersionDate "2022.05.31"]
[SourceQuality "1"]

1. e4 c6 2. c4 d5 3. cxd5 cxd5 4. exd5 Nf6 5. Nc3 Nxd5 6. Nf3 Nc6 7. Bb5 e6 8. 0-0 Be7 9. d4 0-0 10. Re1 Bd7 11. Nxd5 exd5 12. h3 Bf6 13. Bxc6 Bxc6 14. Bf4 Qb6 15. Qd2 Rfe8 16. Bg5 Bxg5 17. Nxg5 Bd7 18. Rxe8+ Rxe8 19. Nf3 f6 20. Re1 Rxe1+ 21. Nxe1 Bf5 22. a3 g5 23. Nf3 Be4 24. Nh2 Qd6 25. Ng4 b6 26. Qc3 Kg7 27. Qc8 Qe7 28. Ne3 Kf7 29. Qc3 Qd7 30. Qb3 Ke6 31. Nd1 Qc6 32. Nc3 Bg6 33. Qb4 Qc4 34. Qf8 Qxd4 35. Qc8+ Ke5 36. Qc7+ Ke6 37. Qc6+ Ke5 38. Qc7+ 1/2-1/2

[Event "Bundesliga 1920"]
[Site "Germany"]
[Date "2021.10.15"]
[Round "12.8"]
[White "Moiseenko, Alexander"]
[Black "Schmidek, Emil"]
[Result "1-0"]
[WhiteElo "2622"]
[BlackElo "2394"]
[PlyCount "59"]
[EventDate "2019.11.23"]
[EventType "team-tourn"]
[EventRounds "15"]
[EventCountry "GER"]
[SourceTitle "EXT 2022"]
[Source "ChessBase"]
[SourceDate "2021.10.06"]
[SourceVersion "1"]
[SourceVersionDate "2021.10.06"]
[SourceQuality "1"]
[WhiteTeam "Hockenheim"]
[BlackTeam "Berlin SF"]
[WhiteTeamCountry "GER"]
[BlackTeamCountry "GER"]

1. d4 d5 2. c4 e6 3. Nf3 Nf6 4. Nc3 a6 5. c5 b6 6. cxb6 c5 7. Bf4 Bd6 8. Bxd6 Qxd6 9. dxc5 Qxc5 10. Qd4 Qxd4 11. Nxd4 e5 12. Nb3 Nbd7 13. Na4 Rb8 14. Rc1 0-0 15. Na5 Re8 16. Nc6 Rb7 17. Na7 Nxb6 18. Nxb6 Be6 19. Nac8 Rb8 20. Nd6 Red8 21. Rc6 e4 22. e3 Ng4 23. Bxa6 Ne5 24. Rc8 Bxc8 25. Ndxc8 Rxb6 26. Nxb6 Rd6 27. Nxd5 Rxd5 28. a4 Rc5 29. Kd2 Ng4 30. Rc1 1-0

[Event "Berlin Rising Stars IM"]
[Site "Berlin"]
[Date "2021.09.24"]
[Round "9"]
[White "Schmidek, Emil"]
[Black "Sieber, Fiona"]
[Result "1/2-1/2"]
[WhiteElo "2390"]
[BlackElo "2252"]
[PlyCount "156"]
[EventDate "2021.09.19"]
[EventType "tourn"]
[EventRounds "9"]
[EventCountry "GER"]
[EventCategory "3"]
[SourceTitle "CBM 204 Extra"]
[Source "ChessBase"]
[SourceDate "2021.11.30"]
[SourceVersion "1"]
[SourceVersionDate "2021.11.30"]
[SourceQuality "1"]

1. d4 Nf6 2. c4 g6 3. Nc3 d5 4. cxd5 Nxd5 5. e4 Nxc3 6. bxc3 Bg7 7. Ba3 Nd7 8. Nf3 c5 9. Qb3 0-0 10. Bd3 Rb8 11. 0-0 b5 12. Qc2 Qc7 13. Rfe1 a6 14. e5 e6 15. Ng5 Bb7 16. Ne4 Bxe4 17. Bxe4 Rfc8 18. Qd3 Qa5 19. Bb2 cxd4 20. cxd4 Rc4 21. Qf3 Nb6 22. d5 Na4 23. dxe6 fxe6 24. Bd5 Nxb2 25. Bxe6+ Kh8 26. Bxc4 Nxc4 27. Qg3 Rd8 28. f4 Qb6+ 29. Kh1 Qe6 30. Rad1 Rf8 31. Qh4 h5 32. Rd8 Rxd8 33. Qxd8+ Kh7 34. Qd3 Bh6 35. Rf1 Nxe5 36. fxe5 Qxe5 37. Qd7+ Bg7 38. Qd2 Qe4 39. Re1 Qc4 40. Rc1 Qe4 41. h3 b4 42. Re1 Qc4 43. Re7 a5 44. Qb2 Qf1+ 45. Kh2 Qf8 46. Rb7 Kh8 47. Qe2 Qf4+ 48. g3 Qd4 49. h4 Kh7 50. Rc7 Qd6 51. Qc2 Qd4 52. Rc6 Qg4 53. Rc5 a4 54. Rc4 Qf3 55. Rf4 Qa3 56. Rf7 b3 57. Qc3 Qf8 58. Qc4 bxa2 59. Qxa2 Qg8 60. Rf2 Qb3 61. Re2 Bf6 62. Qxb3 axb3 63. Re6 b2 64. Rb6 Bd4 65. Rb7+ Kh6 66. Kg2 g5 67. hxg5+ Kxg5 68. Rb5+ Kg6 69. Kf3 Be5 70. Rb3 Kf5 71. Rb7 Kg5 72. Rb5 Kf6 73. Kg2 Kf5 74. Kh3 Ke4 75. Kh4 Kd3 76. Kxh5 Kc2 77. Rc5+ Kd2 78. Rd5+ Kc2 1/2-1/2

[Event "Berlin Rising Stars IM"]
[Site "Berlin"]
[Date "2021.09.22"]
[Round "6"]
[White "Schmidek, Emil"]
[Black "Spitzl, Vinzent"]
[Result "1/2-1/2"]
[WhiteElo "2390"]
[BlackElo "2333"]
[PlyCount "78"]
[EventDate "2021.09.19"]
[EventType "tourn"]
[EventRounds "9"]
[EventCountry "GER"]
[EventCategory "3"]
[SourceTitle "CBM 204 Extra"]
[Source "ChessBase"]
[SourceDate "2021.11.30"]
[SourceVersion "1"]
[SourceVersionDate "2021.11.30"]
[SourceQuality "1"]

1. d4 f5 2. c4 Nf6 3. Nc3 d6 4. Nf3 g6 5. g3 Bg7 6. Bg2 0-0 7. 0-0 c6 8. Rb1 a5 9. d5 e5 10. dxe6 Bxe6 11. b3 Qe7 12. Ng5 Na6 13. Nxe6 Qxe6 14. Bb2 Nc5 15. Qc2 Rae8 16. Rbd1 Kh8 17. a3 Ng4 18. h3 Ne5 19. e3 a4 20. b4 Ncd7 21. Nxa4 Qxc4 22. Qb1 Ra8 23. Nc3 Qe6 24. Ne2 d5 25. b5 Qe7 26. Nd4 Rfc8 27. Rc1 Nf6 28. Kh2 Nc4 29. bxc6 Nd2 30. Qa1 Nxf1+ 31. Bxf1 bxc6 32. Nxc6 Qf7 33. Bb5 Ne4 34. Kg2 Nd6 35. Bxg7+ Qxg7 36. Qxg7+ Kxg7 37. a4 Kf6 38. Rd1 Ke6 39. Nd4+ Kf6 1/2-1/2

[Event "Berlin Rising Stars IM"]
[Site "Berlin"]
[Date "2021.09.20"]
[Round "3"]
[White "Glantz, Robert"]
[Black "Schmidek, Emil"]
[Result "0-1"]
[WhiteElo "2313"]
[BlackElo "2390"]
[PlyCount "144"]
[EventDate "2021.09.19"]
[EventType "tourn"]
[EventRounds "9"]
[EventCountry "GER"]
[EventCategory "3"]
[SourceTitle "CBM 204 Extra"]
[Source "ChessBase"]
[SourceDate "2021.11.30"]
[SourceVersion "1"]
[SourceVersionDate "2021.11.30"]
[SourceQuality "1"]

1. d4 d5 2. Bf4 Nf6 3. e3 e6 4. Nd2 c5 5. c3 Nc6 6. Ngf3 Nh5 7. Bg5 f6 8. Bh4 cxd4 9. cxd4 g6 10. Bd3 Be7 11. g4 Ng7 12. Bg3 e5 13. dxe5 Bxg4 14. Qb3 Qd7 15. 0-0 Be6 16. Nd4 fxe5 17. Nxc6 bxc6 18. Nf3 Bf6 19. Nxe5 Bxe5 20. Bxe5 0-0 21. Rfc1 d4 22. Bc4 dxe3 23. Bxe6+ Nxe6 24. Qxe3 Rf5 25. Rd1 Qf7 26. Bg3 Ng5 27. Qb3 Rd5 28. Rac1 Nf3+ 29. Kg2 Nd4 30. Rxd4 Rxd4 31. Qxf7+ Kxf7 32. Rxc6 Re8 33. Ra6 Rd7 34. Bf4 Re6 35. Ra5 a6 36. b3 Rc6 37. Kf3 Rf6 38. Kg3 Rd3+ 39. Be3 Rdd6 40. Kg2 Rf5 41. Ra4 Rh5 42. Kg3 Ke6 43. Kg2 Rc6 44. Kg3 Kd7 45. Rd4+ Rd6 46. Ra4 Kc8 47. Rc4+ Kb7 48. Ra4 Rc6 49. Rb4+ Rb5 50. Rd4 Kc8 51. Ra4 Kd7 52. Rd4+ Rd6 53. Ra4 a5 54. Rc4 Rdd5 55. Kg2 Rb4 56. Rc3 Rg4+ 57. Kf3 Rh4 58. Rc2 Rxh2 59. Bb6 Rhh5 60. Rc7+ Kd6 61. Ra7 Kc6 62. Be3 Rb5 63. Ke4 Rb4+ 64. Kd3 Rd5+ 65. Kc3 Rb7 66. Ra8 Kd7 67. Kc4 Rf5 68. Rh8 Rc7+ 69. Kd3 Ke6 70. f4 Rb5 71. Re8+ Kf5 72. Ke2 Rc2+ 0-1

[Event "EU-Cup Online Gr-A"]
[Site "Tornelo INT"]
[Date "2021.03.28"]
[Round "7.2"]
[White "Istratescu, Andrei"]
[Black "Schmidek, Emil"]
[Result "1-0"]
[WhiteElo "2553"]
[BlackElo "2402"]
[PlyCount "91"]
[EventDate "2021.03.27"]
[EventType "team-tourn (rapid)"]
[EventRounds "9"]
[EventCountry "NET"]
[SourceTitle "CBM 201 Extra"]
[Source "ChessBase"]
[SourceDate "2021.05.31"]
[SourceVersion "1"]
[SourceVersionDate "2021.05.31"]
[SourceQuality "1"]
[WhiteTeam "La Garde du Roi"]
[BlackTeam "Berlin SF"]
[WhiteTeamCountry "BEL"]
[BlackTeamCountry "GER"]

1. e4 c6 2. d4 d5 3. e5 Bf5 4. h4 h5 5. Bd3 Bxd3 6. Qxd3 e6 7. Ne2 Ne7 8. Bg5 Qb6 9. Nd2 Nf5 10. b3 Nd7 11. c4 Qa6 12. Ng3 Ne7 13. 0-0 f6 14. exf6 gxf6 15. Be3 0-0-0 16. Qc2 Kb8 17. Rfe1 e5 18. a4 c5 19. dxe5 d4 20. Bf4 fxe5 21. Rxe5 Ka8 22. Re2 Nc6 23. Rae1 Bg7 24. Nf3 d3 25. Qxd3 Nde5 26. Nxe5 Rxd3 27. Nxd3 b6 28. Re8+ Rxe8 29. Rxe8+ Kb7 30. Nf5 Qa5 31. Nxg7 Qc3 32. Ne5 Nd4 33. Nf7 Qxb3 34. Kh2 Qd1 35. Nd6+ Ka6 36. Bg5 Ne2 37. Rxe2 Qxe2 38. f4 Ka5 39. Nge8 Kxa4 40. Nf6 b5 41. cxb5 c4 42. Nfe4 Kb3 43. f5 c3 44. f6 c2 45. f7 Qg4 46. f8Q 1-0

[Event "EU-Cup Online Gr-A"]
[Site "Tornelo INT"]
[Date "2021.03.27"]
[Round "1.2"]
[White "Grinev, Valeriy"]
[Black "Schmidek, Emil"]
[Result "0-1"]
[WhiteElo "2441"]
[BlackElo "2402"]
[PlyCount "94"]
[EventDate "2021.03.27"]
[EventType "team-tourn (rapid)"]
[EventRounds "9"]
[EventCountry "NET"]
[SourceTitle "CBM 201 Extra"]
[Source "ChessBase"]
[SourceDate "2021.05.31"]
[SourceVersion "1"]
[SourceVersionDate "2021.05.31"]
[SourceQuality "1"]
[WhiteTeam "Green Chess"]
[BlackTeam "Berlin SF"]
[WhiteTeamCountry "UKR"]
[BlackTeamCountry "GER"]

1. c4 e6 2. Nf3 Nf6 3. g3 d5 4. d4 dxc4 5. Qa4+ Nbd7 6. Bg2 a6 7. Qxc4 b5 8. Qc6 Rb8 9. Bf4 Nd5 10. Bg5 Be7 11. Bxe7 Qxe7 12. 0-0 Bb7 13. Qc2 c5 14. dxc5 Qxc5 15. Qd2 0-0 16. Rc1 Qb6 17. Nc3 N7f6 18. Nxd5 Bxd5 19. a3 Rfd8 20. Qf4 Bxf3 21. Bxf3 Qd4 22. Qxd4 Rxd4 23. b4 Nd7 24. Rc6 Nb6 25. Rac1 g6 26. R1c3 Kg7 27. e3 Rd2 28. Kf1 Ra2 29. Be2 Ra1+ 30. Kg2 Ra2 31. Bf1 h5 32. Rd6 Nd5 33. Rb3 Rb6 34. Rxb6 Nxb6 35. Bd3 Kf6 36. Kf3 Ke5 37. h4 Kd5 38. Rc3 Na4 39. Be4+ Ke5 40. Rc6 Nb2 41. Rxa6 Nd1 42. g4 hxg4+ 43. Kxg4 Nxf2+ 44. Kf3 Nxe4 45. Rb6 Kf5 46. Rxb5+ e5 47. Rb7 Rf2# 0-1